000 00322 a2200121 4500
000 nam a22 7a 4500
005 20260319102219.0
020 _a978-1630819064
100 _aCarlos Dvila
_91132505
245 _aRadar and Ew Modeling in MATLAB and Simulink
260 _bArtech House on Demand
_c2023
942 _cTEXL
999 _c1715727
_d1715727